Unlearn before u-learn: (Record no. 28968)

MARC details
000 -LEADER
fixed length control field 00922nam a22002297a 4500
005 - DATE AND TIME OF LATEST TRANSACTION
control field 2009080601531.0
008 - FIXED-LENGTH DATA ELEMENTS--GENERAL INFORMATION
fixed length control field 090806t xxu||||| |||| 00| 0 eng d
010 ## - LCCN (DPL NO)
LC control number ENG-94638
020 ## - INTERNATIONAL STANDARD BOOK NUMBER
International Standard Book Number 9788185002729
Terms of availability 550.00
035 ## - SYSTEM CONTROL NUMBER
System control number EN-78171
037 ## - SOURCE OF ACQUISITION
Source of stock number/acquisition DBAD / PUB
040 ## - CATALOGING SOURCE
Original cataloging agency dpl
Language of cataloging English
082 ## - DEWEY DECIMAL CLASSIFICATION NUMBER
Classification number 158.1
100 ## - MAIN ENTRY--PERSONAL NAME
Personal name Kamekish
245 ## - TITLE STATEMENT
Title Unlearn before u-learn:
Remainder of title seven critical factors to get out of the rut /
Statement of responsibility, etc by Kamekish
260 ## - PUBLICATION, DISTRIBUTION, ETC. (IMPRINT)
Place of publication, distribution, etc New Delhi
Name of publisher, distributor, etc Promilla & Co., Publishers in association with
-- Bibliophile South Asia
Date of publication, distribution, etc 2007
270 ## - ADDRESS
Address C-127, Sarvodaya Enclave,
City New Delhi
Postal code 110017
300 ## - PHYSICAL DESCRIPTION
Extent 419p.
Dimensions 22cm(pbk)
500 ## - GENERAL NOTE
General note Includes bibliographical references
942 ## - ADDED ENTRY ELEMENTS (KOHA)
Source of classification or shelving scheme Dewey Decimal Classification
Item type English Books
Call number suffix KAM
Classification part 158.1
Holdings
Withdrawn status Lost status Source of classification or shelving scheme Damaged status Not for loan Collection code Home library Current library Date acquired Source of acquisition Cost, normal purchase price Total Checkouts Full call number Barcode Date last seen Copy number Cost, replacement price Koha item type
    Dewey Decimal Classification   Not For Loan Non-fiction D.B.Act.Division D.B.Act.Division 06/08/2009 DBAD / PUB 550.00   158.1 KAM EN-78171 06/08/2009 1 550.00 English Books

© Delhi Public Library
Hit Counter
free hit counter